Identidad y dignidad de los pueblos autóctonos: un desafío para los cristianismos liberacionistas latinoamericano /
Este artículo pretende relatar la instauración del cristianismo en los pueblos autóctonos, específicamente desde la población indígena, destacando el desarrollo de la percepción sobre los y las indígenas; de esta manera parte de la discusión en torno su racionalidad y humanidad. Por último señala la...
Bewaard in:
| Hoofdauteur: | |
|---|---|
| Formaat: | Texto |
| Onderwerpen: | |
| Tags: |
Voeg label toe
Geen labels, Wees de eerste die dit record labelt!
|
MARC
| LEADER | 00000 a a2200000 04500 | ||
|---|---|---|---|
| 001 | 42903 | ||
| 003 | |||
| 040 | |||
| 100 | |a Rivera Pagán, Luis N. | ||
| 245 | |a Identidad y dignidad de los pueblos autóctonos: |b un desafío para los cristianismos liberacionistas latinoamericano / |c Luis N. Rivera Pagán | ||
| 520 | |a Este artículo pretende relatar la instauración del cristianismo en los pueblos autóctonos, específicamente desde la población indígena, destacando el desarrollo de la percepción sobre los y las indígenas; de esta manera parte de la discusión en torno su racionalidad y humanidad. Por último señala la educación que fue impartida a esta población, la cual tuvo una fuerte influencia de la doctrina cristiana. | ||
| 590 | |a AMB/MAYO2014 | ||
| 650 | |a A)POBLACION INDIGENA | ||
| 650 | |a B)IDENTIDAD CULTURAL | ||
| 650 | |a C)RELIGION | ||
| 650 | |a D)CRISTIANISMO | ||
| 650 | |a E)EDUCACION | ||
| 650 | |a F)AMERICA LATINA | ||
| 773 | |g páginas 171-213 | ||
| 999 | |c 26399 |d 26399 | ||
